[Event "FIDE World Rapid-ch Open 2018"]
[White "Tukhaev, Adam"]
[Black "Adly, Ahmed"]
[Site "St. Petersburg"]
[Round "13.54"]
[Annotator "ChessBase"]
[Result "1/2-1/2"]
[Date "2018.12.28"]
[WhiteElo "2527"]
[BlackElo "2626"]
[PlyCount "128"]
[TimeControl "900+10"]

1. e4 {[%emt 0:0:29]} b6 {[%emt 0:0:0]} 2. d4 {[%emt 0:0:10]} Bb7 {[%emt 0:0:0]} 3. Bd3 {[%emt 0:0:5]} g6 {[%emt 0:0:0]} 4. Nf3 {[%emt 0:0:11]} Bg7 {[%emt 0:0:0]} 5. 0-0 {[%emt 0:0:7]} d6 {[%emt 0:0:0]} 6. Re1 {[%emt 0:0:0]} e6 {[%emt 0:0:0]} 7. Nbd2 {[%emt 0:0:2]} Nd7 {[%emt 0:0:2]} 8. Nf1 {[%emt 0:0:2]} Ne7 {[%emt 0:0:7]} 9. Ng3 {[%emt 0:0:5]} 0-0 {[%emt 0:0:0]} 10. c3 {[%emt 0:0:17]} c5 {[%emt 0:0:29]} 11. Be3 {[%emt 0:0:44]} Rc8 {[%emt 0:0:17]} 12. Qd2 {[%emt 0:0:7]} cxd4 {[%emt 0:0:44]} 13. cxd4 {[%emt 0:0:5]
} Nc6 {[%emt 0:0:2]} 14. Bg5 {[%emt 0:2:43]} Qc7 {[%emt 0:0:0]} 15. Rac1 {[%emt 0:0:2]} Qb8 {[%emt 0:0:2]} 16. Bh6 {[%emt 0:0:9]} Ne7 {[%emt 0:0:59]} 17. Qg5 {[%emt 0:2:0]} Bf6 {[%emt 0:1:12]} 18. Qg4 {[%emt 0:0:47]
} Rxc1 {[%emt 0:0:13]} 19. Rxc1 {[%emt 0:0:1]} Rc8 {[%emt 0:0:0]} 20. Rd1 {[%emt 0:0:3]} Nc6 {[%emt 0:1:6]} 21. Ne2 {[%emt 0:2:29]} Rc7 {[%emt 0:1:7]} 22. h4 {[%emt 0:0:7]} Bh8 {[%emt 0:0:21]} 23. Qg3 {[%emt 0:1:12]
} e5 {[%emt 0:1:19]} 24. h5 {[%emt 0:0:2]} Nf6 {[%emt 0:0:47]
} 25. hxg6 {[%emt 0:0:3]} hxg6 {[%emt 0:0:3]} 26. Bc4 {[%emt 0:1:42]} Ne7 {[%emt 0:1:5]} 27. dxe5 {[%emt 0:0:1]} Nxe4 {[%emt 0:1:50]} 28. Bxf7+ {[%emt 0:0:20]
} Kxf7 {[%emt 0:0:1]} 29. Ng5+ {[%emt 0:0:6]} Nxg5 {[%emt 0:0:0]} 30. exd6 {[%emt 0:0:2]} Rd7 {[%emt 0:0:27]} 31. Bxg5 {[%emt 0:0:1]
} Nd5 {[%emt 0:0:34]} 32. Qf3+ {[%emt 0:1:6]} Kg8 {[%emt 0:0:2]} 33. Rxd5 {[%emt 0:0:39]} Rxd6 {[%emt 0:0:8]} 34. Bf4 {[%emt 0:0:20]} Bxd5 {[%emt 0:0:0]} 35. Qa3 {[%emt 0:0:16]} Qe8 {[%emt 0:1:59]} 36. Qxd6 {[%emt 0:0:2]} Bxa2 {[%emt 0:0:3]} 37. Nd4 {[%emt 0:0:44]} Bf7 {[%emt 0:0:13]} 38. b4 {[%emt 0:0:45]
} Qe1+ {[%emt 0:0:18]} 39. Kh2 {[%emt 0:0:1]} Qxf2 {[%emt 0:0:0]} 40. Qd8+ {[%emt 0:0:16]} Kh7 {[%emt 0:0:8]} 41. Nf3 {[%emt 0:0:3]} Ba1 {[%emt 0:0:39]} 42. Qe7 {[%emt 0:0:39]} Kg8 {[%emt 0:0:25]} 43. Qxa7 {[%emt 0:0:8]
} Bf6 {[%emt 0:0:18]} 44. Qb8+ {[%emt 0:0:11]} Kh7 {[%emt 0:0:0]} 45. Qc7 {[%emt 0:0:5]} Kg8 {[%emt 0:0:3]} 46. Qb8+ {[%emt 0:0:9]} Kg7 {[%emt 0:0:6]} 47. Be5 {[%emt 0:0:22]} Qe3 {[%emt 0:0:1]} 48. Bxf6+ Kxf6 {[%emt 0:0:1]} 49. Qd6+ {[%emt 0:0:7]} Kf5 {[%emt 0:0:16]} 50. Kg3 {[%emt 0:0:11]
} g5 {[%emt 0:0:18]} 51. Qd7+ {[%emt 0:0:9]} Kg6 {[%emt 0:0:0]} 52. Qc6+ {[%emt 0:0:40]} Kh5 {[%emt 0:0:6]} 53. Qf6 {[%emt 0:0:7]} Bd5 {[%emt 0:0:29]} 54. Qf5 {[%emt 0:0:29]} Be4 {[%emt 0:0:1]} 55. Qg4+ {[%emt 0:0:4]
} Kh6 {[%emt 0:0:4]} 56. Qe6+ {[%emt 0:0:2]} Kg7 {[%emt 0:0:0]} 57. Qe5+ {[%emt 0:0:6]} Kg6 {[%emt 0:0:3]} 58. Qe6+ {[%emt 0:0:1]} Kg7 {[%emt 0:0:1]} 59. Qe7+ {[%emt 0:0:3]} Kg6 {[%emt 0:0:2]} 60. Qe8+ {[%emt 0:0:5]
} Kf6 {[%emt 0:0:34]} 61. Qe5+ {[%emt 0:0:3]} Kg6 {[%emt 0:0:0]} 62. Qe6+ {[%emt 0:0:5]} Kg7 {[%emt 0:0:2]} 63. Qd7+ {[%emt 0:0:26]} Kh6 {[%emt 0:0:7]} 64. Qe6+ {[%emt 0:0:11]} Kg7 {[%emt 0:0:5]} 1/2-1/2

[Event "FIDE World Rapid-ch Open 2018"]
[White "Kryakvin, Dmitry"]
[Black "Frolyanov, Dmitry"]
[Site "St. Petersburg"]
[Round "13.55"]
[Annotator "ChessBase"]
[Result "1-0"]
[Date "2018.12.28"]
[WhiteElo "2588"]
[BlackElo "2517"]
[PlyCount "61"]
[TimeControl "900+10"]

1. d4 {[%emt 0:0:0]} d5 {[%emt 0:0:0]} 2. c4 {[%emt 0:0:0]} e6 {[%emt 0:0:0]} 3. Nf3 {[%emt 0:0:0]} Nf6 {[%emt 0:0:0]} 4. Bg5 {[%emt 0:0:0]} dxc4 {[%emt 0:0:0]} 5. Qa4+ {[%emt 0:0:4]} c6 {[%emt 0:0:11]} 6. Qxc4 {[%emt 0:0:4]
} b5 {[%emt 0:0:8]} 7. Qc2 {[%emt 0:0:7]} Bb7 {[%emt 0:0:3]
} 8. e4 {[%emt 0:0:20]} h6 {[%emt 0:0:9]} 9. Bxf6 {[%emt 0:0:26]} Qxf6 {[%emt 0:0:4]
} 10. Bd3 {[%emt 0:0:16]} Nd7 {[%emt 0:0:47]} 11. 0-0 {[%emt 0:0:0]} e5 {[%emt 0:1:3]} 12. a4 {[%emt 0:0:13]} b4 {[%emt 0:1:39]} 13. Nbd2 {[%emt 0:1:33]} Be7 {[%emt 0:3:5]} 14. dxe5 {[%emt 0:1:18]} Nxe5 {[%emt 0:0:14]
} 15. Nxe5 {[%emt 0:0:2]} Qxe5 {[%emt 0:0:1]} 16. Ba6 {[%emt 0:0:41]
} Qc7 {[%emt 0:0:6]} 17. Bxb7 {[%emt 0:0:15]} Qxb7 {[%emt 0:0:0]} 18. Nc4 {[%emt 0:0:24]} c5 {[%emt 0:0:34]} 19. Rfd1 {[%emt 0:1:5]} 0-0 {[%emt 0:0:4]} 20. Rd5 {[%emt 0:0:9]} Bf6 {[%emt 0:1:3]} 21. Rad1 {[%emt 0:2:27]
} Bd4 {[%emt 0:1:28]} 22. Nd6 {[%emt 0:0:30]} b3 {[%emt 0:0:0]} 23. Qc4 {[%emt 0:1:57]} Qe7 {[%emt 0:0:29]} 24. Nf5 {[%emt 0:0:28]} Qxe4 {[%emt 0:0:18]} 25. Rxc5 {[%emt 0:0:34]} Rad8 {[%emt 0:5:6]} 26. Nxd4 {[%emt 0:0:12]} Rd6 {[%emt 0:0:6]} 27. g3 {[%emt 0:0:32]} Rfd8 {[%emt 0:0:0]} 28. Rc8 {[%emt 0:1:43]} Qg4 {[%emt 0:0:23]} 29. Rxd8+ {[%emt 0:0:18]} Rxd8 {[%emt 0:0:3]} 30. f3 {[%emt 0:0:32]} Qd7 {[%emt 0:0:49]} 31. Qxb3 {[%emt 0:0:9]
} 1-0

[Event "FIDE World Rapid-ch Open 2018"]
[White "Ghaem Maghami, Ehsan"]
[Black "Shaposhnikov, Evgeny"]
[Site "St. Petersburg"]
[Round "13.56"]
[Annotator "ChessBase"]
[Result "0-1"]
[Date "2018.12.28"]
[WhiteElo "2537"]
[BlackElo "2576"]
[PlyCount "66"]
[TimeControl "900+10"]

1. d4 {[%emt 0:0:0]} Nf6 {[%emt 0:0:0]} 2. Nf3 {[%emt 0:0:0]} e6 {[%emt 0:0:0]
} 3. c4 {[%emt 0:0:0]} b6 {[%emt 0:0:0]} 4. g3 {[%emt 0:0:0]} Bb4+ {[%emt 0:0:0]} 5. Bd2 {[%emt 0:0:2]} c5 {[%emt 0:0:0]} 6. Bg2 {[%emt 0:0:2]
} Bb7 {[%emt 0:0:2]} 7. 0-0 {[%emt 0:0:30]} 0-0 {[%emt 0:0:0]} 8. Bxb4 {[%emt 0:1:33]} cxb4 {[%emt 0:0:2]} 9. Qb3 {[%emt 0:0:2]} a5 {[%emt 0:0:5]} 10. a3 {[%emt 0:0:2]} Na6 {[%emt 0:0:5]} 11. Nbd2 {[%emt 0:1:29]
} d6 {[%emt 0:0:4]} 12. Rfd1 {[%emt 0:1:1]} Qc7 {[%emt 0:0:0]} 13. Rac1 {[%emt 0:1:9]} Rfe8 {[%emt 0:0:24]} 14. e3 {[%emt 0:0:3]} e5 {[%emt 0:0:16]} 15. Bh3 {[%emt 0:1:44]} h6 {[%emt 0:1:17]} 16. Qc2 {[%emt 0:0:0]} Rad8 {[%emt 0:0:57]} 17. Ne1 {[%emt 0:1:29]} Qe7 {[%emt 0:1:56]} 18. Nd3 {[%emt 0:0:55]} Nh7 {[%emt 0:1:48]} 19. Bg2 {[%emt 0:2:29]} Bxg2 {[%emt 0:0:7]
} 20. Kxg2 {[%emt 0:0:1]} exd4 {[%emt 0:0:57]} 21. exd4 {[%emt 0:0:5]
} Qb7+ {[%emt 0:0:4]} 22. d5 {[%emt 0:0:32]} b5 {[%emt 0:0:0]} 23. axb4 {[%emt 0:0:3]} axb4 {[%emt 0:0:25]} 24. Nb3 {[%emt 0:2:36]} Ng5 {[%emt 0:2:38]} 25. h4 {[%emt 0:0:25]} bxc4 {[%emt 0:0:7]} 26. Qxc4 {[%emt 0:0:9]
} Rc8 {[%emt 0:0:7]} 27. Qd4 {[%emt 0:0:36]} Re4 {[%emt 0:0:0]} 28. hxg5 {[%emt 0:0:47]} Rxd4 {[%emt 0:0:7]} 29. Rxc8+ {[%emt 0:0:4]} Qxc8 {[%emt 0:0:8]} 30. Nxd4 {[%emt 0:0:3]} Qc4 {[%emt 0:0:38]} 31. Nf3 {[%emt 0:0:28]
} hxg5 {[%emt 0:0:29]} 32. Nxg5 {[%emt 0:0:2]} Qxd5+ {[%emt 0:0:0]} 33. Nf3 {[%emt 0:0:3]} Nc5 {[%emt 0:0:11]} 0-1

[Event "FIDE World Rapid-ch Open 2018"]
[White "Nihal Sarin"]
[Black "Novikov, Stanislav"]
[Site "St. Petersburg"]
[Round "13.57"]
[Annotator "ChessBase"]
[Result "1-0"]
[Date "2018.12.28"]
[WhiteElo "2576"]
[BlackElo "2540"]
[PlyCount "123"]
[TimeControl "900+10"]

1. e4 {[%emt 0:0:0]} g6 {[%emt 0:0:0]} 2. d4 {[%emt 0:0:4]} Bg7 {[%emt 0:0:0]} 3. Nf3 {[%emt 0:0:22]} c6 {[%emt 0:0:0]} 4. h3 {[%emt 0:0:15]} d6 {[%emt 0:0:6]
} 5. c4 {[%emt 0:0:57]} Nf6 {[%emt 0:0:21]} 6. Nc3 {[%emt 0:0:0]} 0-0 {[%emt 0:0:3]} 7. Be3 {[%emt 0:0:8]} a6 {[%emt 0:0:39]} 8. a4 {[%emt 0:1:22]
} a5 {[%emt 0:0:2]} 9. Be2 {[%emt 0:0:2]} Na6 {[%emt 0:0:9]
} 10. 0-0 {[%emt 0:0:3]} Nd7 {[%emt 0:0:12]} 11. Qd2 {[%emt 0:0:5]} Re8 {[%emt 0:0:24]
} 12. Rad1 {[%emt 0:0:5]} e5 {[%emt 0:1:24]} 13. d5 {[%emt 0:0:0]} Bf8 {[%emt 0:0:3]} 14. Ne1 {[%emt 0:1:18]} Nac5 {[%emt 0:0:20]} 15. Qc2 {[%emt 0:1:7]} Qb6 {[%emt 0:0:38]} 16. Nd3 {[%emt 0:0:15]} Qb3 {[%emt 0:0:31]
} 17. Qd2 {[%emt 0:0:26]} Nxd3 {[%emt 0:4:1]} 18. Bxd3 {[%emt 0:0:16]
} Nc5 {[%emt 0:0:1]} 19. f4 {[%emt 0:5:25]} Nxd3 {[%emt 0:0:0]} 20. Qxd3 {[%emt 0:0:2]} f5 {[%emt 0:0:50]} 21. c5 {[%emt 0:1:36]} dxc5 {[%emt 0:0:37]} 22. fxe5 {[%emt 0:0:3]} Rxe5 {[%emt 0:0:16]} 23. Bf4 {[%emt 0:0:4]
} fxe4 {[%emt 0:1:0]} 24. Qe2 {[%emt 0:2:7]} Rf5 {[%emt 0:0:0]} 25. dxc6 {[%emt 0:0:36]} bxc6 {[%emt 0:0:22]} 26. Qxe4 {[%emt 0:0:9]} Ba6 {[%emt 0:0:50]} 27. Rf2 {[%emt 0:0:29]} Qc4 {[%emt 0:0:31]} 28. Qxc6 {[%emt 0:0:21]
} Rc8 {[%emt 0:0:1]} 29. Qb6 {[%emt 0:0:13]} Bg7 {[%emt 0:0:0]} 30. Nd5 {[%emt 0:0:26]} Re8 {[%emt 0:0:25]} 31. Ne3 {[%emt 0:0:19]} Qxa4 {[%emt 0:0:5]} 32. b3 {[%emt 0:0:14]} Qb5 {[%emt 0:0:9]} 33. Qxb5 {[%emt 0:0:5]
} Bxb5 {[%emt 0:0:1]} 34. Nxf5 {[%emt 0:0:2]} gxf5 {[%emt 0:0:0]} 35. Kh2 {[%emt 0:0:9]} c4 {[%emt 0:0:13]} 36. bxc4 {[%emt 0:0:27]} Bxc4 {[%emt 0:0:1]} 37. Rc1 {[%emt 0:0:10]} Bb3 {[%emt 0:0:4]} 38. Rf3 {[%emt 0:0:12]
} a4 {[%emt 0:0:1]} 39. Rc7 {[%emt 0:0:3]} Kh8 {[%emt 0:0:0]} 40. Rd3 {[%emt 0:0:2]} Bg8 {[%emt 0:0:19]} 41. Ra7 {[%emt 0:0:17]} Bb3 {[%emt 0:0:9]} 42. Rdd7 {[%emt 0:0:5]} Bb2 {[%emt 0:0:1]} 43. Rxh7+ Kg8 44. Rhb7 {[%emt 0:0:21]} Bd4 {[%emt 0:0:12]} 45. Ra5 {[%emt 0:0:1]} Rf8 {[%emt 0:0:7]
} 46. Be5 {[%emt 0:0:31]} Bxe5+ {[%emt 0:0:21]} 47. Rxe5 {[%emt 0:0:1]
} f4 {[%emt 0:0:4]} 48. Rg5+ {[%emt 0:0:9]} Kh8 {[%emt 0:0:0]} 49. Rh5+ {[%emt 0:0:0]} Kg8 {[%emt 0:0:0]} 50. Rg5+ {[%emt 0:0:1]} Kh8 {[%emt 0:0:1]} 51. Ra5 {[%emt 0:0:1]} Kg8 {[%emt 0:0:8]} 52. Raa7 {[%emt 0:0:2]
} Re8 {[%emt 0:0:17]} 53. h4 {[%emt 0:0:6]} Bd5 {[%emt 0:0:0]} 54. Rc7 {[%emt 0:0:5]} f3 {[%emt 0:0:10]} 55. gxf3 {[%emt 0:0:13]} Bxf3 {[%emt 0:0:1]} 56. Rxa4 {[%emt 0:0:15]} Bh5 {[%emt 0:0:35]} 57. Raa7 {[%emt 0:0:8]
} Re4 {[%emt 0:0:18]} 58. Rg7+ {[%emt 0:0:31]} Kf8 {[%emt 0:0:0]} 59. Rh7 {[%emt 0:0:2]} Rxh4+ {[%emt 0:0:27]} 60. Kg3 {[%emt 0:0:1]} Rg4+ {[%emt 0:0:1]} 61. Kh3 {[%emt 0:0:1]} Rg5 {[%emt 0:0:8]} 62. Rh8+ {[%emt 0:0:2]
} 1-0

[Event "FIDE World Rapid-ch Open 2018"]
[White "Vokhidov, Shamsiddin"]
[Black "Miton, Kamil"]
[Site "St. Petersburg"]
[Round "13.58"]
[Annotator "ChessBase"]
[Result "1-0"]
[Date "2018.12.28"]
[WhiteElo "2480"]
[BlackElo "2588"]
[PlyCount "79"]
[TimeControl "900+10"]

1. e4 {[%emt 0:0:0]} e6 {[%emt 0:0:0]} 2. d4 {[%emt 0:0:2]} d5 {[%emt 0:0:0]} 3. Nd2 {[%emt 0:0:3]} dxe4 {[%emt 0:0:0]} 4. Nxe4 {[%emt 0:0:1]} Bd7 {[%emt 0:0:0]} 5. Nf3 {[%emt 0:0:2]} Bc6 {[%emt 0:0:1]} 6. Bd3 {[%emt 0:0:1]
} Nd7 {[%emt 0:0:3]} 7. c3 {[%emt 0:0:1]} Bxe4 {[%emt 0:0:0]} 8. Bxe4 {[%emt 0:0:2]} c6 {[%emt 0:0:1]} 9. Bf4 {[%emt 0:0:26]} Ngf6 {[%emt 0:0:8]} 10. Bc2 {[%emt 0:0:2]} g6 {[%emt 0:0:49]} 11. Qe2 {[%emt 0:0:0]} Bg7 {[%emt 0:0:29]} 12. a4 {[%emt 0:0:13]} 0-0 {[%emt 0:0:40]} 13. 0-0 {[%emt 0:0:16]} a5 {[%emt 0:0:13]} 14. h3 {[%emt 0:0:7]} Nd5 {[%emt 0:0:0]} 15. Bg3 {[%emt 0:0:10]} Qb6 {[%emt 0:0:44]} 16. Bd3 {[%emt 0:0:9]} Rfe8 {[%emt 0:0:45]} 17. Rfe1 {[%emt 0:0:1]} N7f6 {[%emt 0:0:19]} 18. Bh2 {[%emt 0:0:45]
} Bh6 {[%emt 0:0:8]} 19. Ne5 {[%emt 0:1:42]} Nf4 {[%emt 0:0:0]} 20. Qf3 {[%emt 0:0:29]} N6d5 {[%emt 0:5:54]} 21. Be4 {[%emt 0:4:18]} f5 {[%emt 0:0:36]} 22. Bxd5 {[%emt 0:1:18]} Nxd5 {[%emt 0:0:2]} 23. Re2 {[%emt 0:0:28]
} Re7 {[%emt 0:0:35]} 24. Nd3 {[%emt 0:1:39]} Rae8 {[%emt 0:0:0]} 25. Rae1 {[%emt 0:0:6]} Qd8 {[%emt 0:0:9]} 26. Nc5 {[%emt 0:0:19]} b6 {[%emt 0:0:13]} 27. Nd3 {[%emt 0:0:43]} Bg7 {[%emt 0:0:8]} 28. Bg3 {[%emt 0:0:10]
} Bf6 {[%emt 0:0:21]} 29. Be5 {[%emt 0:0:18]} Bxe5 {[%emt 0:0:0]} 30. Nxe5 {[%emt 0:0:1]} Qc7 {[%emt 0:0:1]} 31. h4 {[%emt 0:0:53]} c5 {[%emt 0:0:20]} 32. dxc5 {[%emt 0:0:2]} bxc5 {[%emt 0:0:8]} 33. h5 {[%emt 0:0:14]
} g5 {[%emt 0:0:17]} 34. h6 {[%emt 0:0:3]} g4 {[%emt 0:0:17]} 35. Qg3 {[%emt 0:0:4]} Kh8 {[%emt 0:1:18]} 36. Qh4 {[%emt 0:0:18]} Rf8 {[%emt 0:0:19]
} 37. Rd2 {[%emt 0:0:30]} Nf6 {[%emt 0:0:19]} 38. f3 {[%emt 0:0:0]} c4 {[%emt 0:1:18]} 39. Kh1 {[%emt 0:0:20]} Qb7 {[%emt 0:0:26]} 40. Qxf6+ {[%emt 0:0:36]} 1-0

[Event "FIDE World Rapid-ch Open 2018"]
[White "Kovalev, Vladislav"]
[Black "Sanal, Vahap"]
[Site "St. Petersburg"]
[Round "13.59"]
[Annotator "ChessBase"]
[Result "1/2-1/2"]
[Date "2018.12.28"]
[WhiteElo "2683"]
[BlackElo "2490"]
[PlyCount "130"]
[TimeControl "900+10"]

1. e4 {[%emt 0:0:56]} e5 {[%emt 0:0:0]} 2. Nf3 {[%emt 0:0:1]} Nc6 {[%emt 0:0:0]
} 3. Nc3 {[%emt 0:0:0]} Nf6 {[%emt 0:0:0]} 4. h3 {[%emt 0:0:0]} d5 {[%emt 0:0:0]} 5. exd5 {[%emt 0:0:1]} Nxd5 {[%emt 0:0:0]} 6. Bb5 {[%emt 0:0:1]} Nxc3 {[%emt 0:0:9]} 7. bxc3 {[%emt 0:0:1]} Bd6 {[%emt 0:0:0]} 8. 0-0 {[%emt 0:0:2]} 0-0 {[%emt 0:0:3]} 9. Re1 {[%emt 0:0:1]} Qf6 {[%emt 0:0:39]} 10. d3 {[%emt 0:0:1]} h6 {[%emt 0:0:6]} 11. Nd2 {[%emt 0:0:2]
} Qg6 {[%emt 0:0:45]} 12. Qf3 {[%emt 0:0:1]} Bd7 {[%emt 0:0:0]} 13. Ne4 {[%emt 0:1:35]} a6 {[%emt 0:2:10]} 14. Bc4 {[%emt 0:0:14]} Na5 {[%emt 0:0:51]} 15. Bd5 {[%emt 0:0:4]} c6 {[%emt 0:0:38]} 16. Bb3 {[%emt 0:0:0]} Be7 {[%emt 0:0:57]} 17. Qg3 {[%emt 0:0:39]} Qxg3 {[%emt 0:3:14]} 18. Nxg3 {[%emt 0:0:1]} b6 {[%emt 0:0:10]} 19. d4 {[%emt 0:3:13]} Bh4 {[%emt 0:0:0]} 20. Rxe5 {[%emt 0:0:24]} Bxg3 {[%emt 0:0:6]} 21. fxg3 {[%emt 0:0:0]} Rfe8 {[%emt 0:0:17]} 22. Bf4 {[%emt 0:0:30]} Rxe5 {[%emt 0:0:26]} 23. Bxe5 {[%emt 0:0:2]} Nxb3 {[%emt 0:0:22]} 24. cxb3 {[%emt 0:1:54]} Re8 {[%emt 0:0:16]
} 25. Kf2 {[%emt 0:1:11]} h5 {[%emt 0:0:8]} 26. a4 {[%emt 0:0:0]} f6 {[%emt 0:0:8]} 27. Bc7 {[%emt 0:0:4]} b5 {[%emt 0:0:1]} 28. c4 {[%emt 0:1:28]} bxc4 {[%emt 0:0:14]} 29. bxc4 {[%emt 0:0:1]} Be6 {[%emt 0:0:0]} 30. Rc1 {[%emt 0:0:12]} Kf7 {[%emt 0:0:26]} 31. a5 {[%emt 0:0:3]} Re7 {[%emt 0:0:27]} 32. Bb6 {[%emt 0:0:6]} Re8 {[%emt 0:0:6]} 33. Kf3 {[%emt 0:3:31]
} Bf5 {[%emt 0:0:14]} 34. Kf2 {[%emt 0:0:27]} Be6 {[%emt 0:0:0]} 35. Rc3 {[%emt 0:0:1]} Re7 {[%emt 0:0:17]} 36. Bc5 {[%emt 0:0:11]} Re8 {[%emt 0:0:4]} 37. Ba7 {[%emt 0:0:44]} Re7 {[%emt 0:0:6]} 38. Bb6 {[%emt 0:0:1]
} Re8 {[%emt 0:0:2]} 39. Kf3 {[%emt 0:0:6]} Re7 {[%emt 0:0:0]} 40. Kf4 {[%emt 0:0:10]} Re8 {[%emt 0:0:7]} 41. Bc5 {[%emt 0:0:20]} Rb8 {[%emt 0:0:32]} 42. Bb6 {[%emt 0:0:25]} Re8 {[%emt 0:0:2]} 43. Kf3 {[%emt 0:0:44]
} Bf5 {[%emt 0:0:6]} 44. g4 {[%emt 0:0:18]} hxg4+ {[%emt 0:0:0]} 45. hxg4 {[%emt 0:0:0]} Be6 {[%emt 0:0:1]} 46. Kf4 {[%emt 0:0:37]} g5+ {[%emt 0:0:16]} 47. Kf3 {[%emt 0:0:1]} Rh8 {[%emt 0:0:8]} 48. Rc1 {[%emt 0:0:43]
} Rh4 {[%emt 0:0:8]} 49. Kf2 {[%emt 0:0:28]} Rxg4 {[%emt 0:0:0]} 50. g3 {[%emt 0:0:2]} Re4 {[%emt 0:0:22]} 51. Re1 {[%emt 0:0:9]} Rg4 {[%emt 0:0:26]} 52. Kf3 {[%emt 0:0:17]} f5 {[%emt 0:0:1]} 53. Re5 {[%emt 0:0:0]} f4 {[%emt 0:0:28]} 54. gxf4 {[%emt 0:0:1]} Rxf4+ {[%emt 0:0:2]} 55. Ke3 {[%emt 0:0:1]} Bxc4 {[%emt 0:1:9]} 56. Rxg5 {[%emt 0:0:3]} Rh4 {[%emt 0:0:4]
} 57. Bc5 {[%emt 0:0:19]} Rh3+ {[%emt 0:0:7]} 58. Kf4 {[%emt 0:0:5]
} Rh1 {[%emt 0:0:18]} 59. Ke5 {[%emt 0:0:13]} Rh6 {[%emt 0:0:0]} 60. Rf5+ {[%emt 0:0:12]} Ke8 {[%emt 0:0:12]} 61. Rf8+ {[%emt 0:0:19]} Kd7 {[%emt 0:0:1]} 62. Ra8 {[%emt 0:0:6]} Re6+ {[%emt 0:0:4]} 63. Kf5 {[%emt 0:0:7]
} Bd3+ {[%emt 0:0:2]} 64. Kf4 {[%emt 0:0:3]} Re4+ {[%emt 0:0:0]} 65. Kf3 {[%emt 0:0:6]} Rh4 {[%emt 0:0:8]} 1/2-1/2

[Event "FIDE World Rapid-ch Open 2018"]
[White "Jones, Gawain C B"]
[Black "Khusnutdinov, Rustam"]
[Site "St. Petersburg"]
[Round "13.60"]
[Annotator "ChessBase"]
[Result "1-0"]
[Date "2018.12.28"]
[WhiteElo "2682"]
[BlackElo "2470"]
[PlyCount "79"]
[TimeControl "900+10"]

1. e4 {[%emt 0:0:0]} e6 {[%emt 0:1:21]} 2. d3 {[%emt 0:0:0]} c5 {[%emt 0:0:0]} 3. Nf3 {[%emt 0:0:0]} Nc6 {[%emt 0:0:1]} 4. g3 {[%emt 0:0:2]} Nge7 {[%emt 0:0:1]} 5. Bg2 {[%emt 0:0:4]} g6 {[%emt 0:0:1]} 6. h4 {[%emt 0:0:2]
} h6 {[%emt 0:0:20]} 7. c3 {[%emt 0:0:10]} Bg7 {[%emt 0:0:43]} 8. Be3 {[%emt 0:0:28]} b6 {[%emt 0:1:10]} 9. 0-0 {[%emt 0:0:38]} d5 {[%emt 0:0:11]
} 10. Re1 {[%emt 0:0:52]} 0-0 {[%emt 0:0:44]} 11. e5 {[%emt 0:0:0]} Ba6 {[%emt 0:0:59]} 12. Bf4 {[%emt 0:0:15]} Nf5 {[%emt 0:0:41]} 13. a3 {[%emt 0:0:37]} Rc8 {[%emt 0:0:26]} 14. b4 {[%emt 0:0:10]} Qe7 {[%emt 0:0:0]} 15. Ra2 {[%emt 0:0:43]} d4 {[%emt 0:0:48]} 16. c4 {[%emt 0:0:56]} b5 {[%emt 0:0:1]} 17. g4 {[%emt 0:0:54]} Nxh4 {[%emt 0:0:43]} 18. Nxh4 {[%emt 0:0:3]
} Qxh4 {[%emt 0:0:1]} 19. Bg3 {[%emt 0:0:12]} Qd8 {[%emt 0:0:0]} 20. cxb5 {[%emt 0:1:48]} Bxb5 {[%emt 0:0:5]} 21. bxc5 {[%emt 0:0:6]} Ne7 {[%emt 0:0:21]} 22. Nd2 {[%emt 0:0:48]} Nd5 {[%emt 0:2:19]} 23. Ne4 {[%emt 0:0:15]
} Nc3 {[%emt 0:0:1]} 24. Nxc3 {[%emt 0:0:5]} dxc3 {[%emt 0:0:0]} 25. d4 {[%emt 0:0:19]} Qa5 {[%emt 0:0:1]} 26. Qc1 {[%emt 0:1:39]} Rfd8 {[%emt 0:0:10]} 27. Rc2 {[%emt 0:0:29]} Rxd4 {[%emt 0:0:13]} 28. Rxc3 {[%emt 0:0:1]
} Bc6 {[%emt 0:0:6]} 29. Qe3 {[%emt 0:0:35]} Rd7 {[%emt 0:0:0]} 30. Rec1 {[%emt 0:0:33]} Bxg2 {[%emt 0:0:5]} 31. Kxg2 {[%emt 0:0:1]} Rc6 {[%emt 0:0:1]} 32. Bf4 {[%emt 0:1:58]} g5 {[%emt 0:0:18]} 33. Bg3 {[%emt 0:0:2]
} Rd5 {[%emt 0:0:1]} 34. f4 {[%emt 0:0:7]} gxf4 {[%emt 0:0:0]} 35. Bxf4 {[%emt 0:0:1]} Qc7 {[%emt 0:0:0]} 36. R3c2 {[%emt 0:1:4]} Bxe5 {[%emt 0:0:38]} 37. Bxh6 {[%emt 0:0:5]} Bd4 {[%emt 0:0:2]} 38. Qe4 {[%emt 0:0:16]
} Rdxc5 {[%emt 0:0:55]} 39. Rxc5 {[%emt 0:0:6]} Rxc5 {[%emt 0:0:0]} 40. Qxd4 {[%emt 0:0:7]} 1-0

[Event "FIDE World Rapid-ch Open 2018"]
[White "Roiz, Michael"]
[Black "Anisimov, Pavel"]
[Site "St. Petersburg"]
[Round "13.61"]
[Annotator "ChessBase"]
[Result "1-0"]
[Date "2018.12.28"]
[WhiteElo "2605"]
[BlackElo "2533"]
[PlyCount "95"]
[TimeControl "900+10"]

1. Nf3 {[%emt 0:0:30]} d5 {[%emt 0:0:1]} 2. g3 {[%emt 0:0:8]} c5 {[%emt 0:0:0]} 3. Bg2 {[%emt 0:0:2]} Nc6 {[%emt 0:0:1]} 4. d4 {[%emt 0:0:2]} e6 {[%emt 0:0:10]} 5. 0-0 {[%emt 0:0:4]} Qb6 {[%emt 0:0:3]} 6. c4 {[%emt 0:0:0]} cxd4 {[%emt 0:1:19]} 7. cxd5 {[%emt 0:0:31]} exd5 {[%emt 0:0:3]} 8. Nbd2 {[%emt 0:0:9]} g6 {[%emt 0:1:37]} 9. Nb3 {[%emt 0:0:23]} Bg7 {[%emt 0:0:0]} 10. e3 {[%emt 0:1:3]} d3 {[%emt 0:2:1]} 11. Qxd3 {[%emt 0:0:17]} Nf6 {[%emt 0:0:9]} 12. Nbd4 {[%emt 0:0:57]} 0-0 {[%emt 0:0:12]} 13. b3 {[%emt 0:0:18]
} Ne4 {[%emt 0:1:16]} 14. Bb2 {[%emt 0:0:26]} Re8 {[%emt 0:0:0]} 15. Qc2 {[%emt 0:3:1]} Bd7 {[%emt 0:2:19]} 16. Nxc6 {[%emt 0:0:3]} bxc6 {[%emt 0:0:17]} 17. Bxg7 {[%emt 0:0:12]} Kxg7 {[%emt 0:0:1]} 18. Rac1 {[%emt 0:0:21]} Rac8 {[%emt 0:0:16]} 19. Rfd1 {[%emt 0:0:37]} Kg8 {[%emt 0:0:0]} 20. Qb2 {[%emt 0:1:19]} a5 {[%emt 0:1:16]} 21. Ne5 {[%emt 0:0:36]} Be6 {[%emt 0:0:49]} 22. Bxe4 {[%emt 0:1:12]} dxe4 {[%emt 0:0:1]} 23. Nd7 {[%emt 0:0:1]
} Bxd7 {[%emt 0:0:15]} 24. Rxd7 {[%emt 0:0:1]} Rcd8 {[%emt 0:0:0]} 25. Qd2 {[%emt 0:0:33]} Rxd7 {[%emt 0:0:27]} 26. Qxd7 {[%emt 0:0:1]
} Rd8 {[%emt 0:0:58]} 27. Qxc6 {[%emt 0:0:52]} Qxc6 {[%emt 0:0:2]} 28. Rxc6 {[%emt 0:0:1]} Rd2 {[%emt 0:0:20]} 29. a4 {[%emt 0:0:15]} Rb2 {[%emt 0:0:0]} 30. Rb6 {[%emt 0:0:6]} h5 {[%emt 0:0:23]} 31. h3 Kg7 {[%emt 0:0:30]} 32. g4 {[%emt 0:0:50]} hxg4 {[%emt 0:1:10]} 33. hxg4 {[%emt 0:0:1]} g5 {[%emt 0:0:25]
} 34. Rb5 {[%emt 0:0:38]} f6 {[%emt 0:0:4]} 35. Rxa5 {[%emt 0:0:0]} Rxb3 {[%emt 0:0:1]} 36. Rb5 {[%emt 0:0:1]} Ra3 {[%emt 0:0:12]} 37. Rb4 {[%emt 0:0:1]} Kg6 {[%emt 0:1:32]} 38. Rxe4 {[%emt 0:0:2]} Ra2 {[%emt 0:0:4]
} 39. Kg2 {[%emt 0:0:7]} Kf7 {[%emt 0:0:6]} 40. Kg3 {[%emt 0:0:0]} Ra1 {[%emt 0:0:4]} 41. f4 {[%emt 0:0:30]} gxf4+ {[%emt 0:0:17]} 42. exf4 {[%emt 0:0:1]} Kg6 {[%emt 0:0:11]} 43. f5+ {[%emt 0:0:51]} Kg5 {[%emt 0:0:7]
} 44. Kf3 {[%emt 0:0:2]} Kh4 {[%emt 0:0:21]} 45. Rc4 {[%emt 0:0:0]} Ra3+ {[%emt 0:0:12]} 46. Ke2 {[%emt 0:0:2]} Kg3 {[%emt 0:0:17]} 47. Kd2 {[%emt 0:0:0]} Kf3 {[%emt 0:0:10]} 48. Rc3+ {[%emt 0:0:8]} 1-0